000 00450nam a2200205Ia 4500
001 13038
003 GE_BSU
008 181216s||||||||xx |||||||||||||| ||und||
020 _a9780060752019
040 _cGE_BSU
080 _a821.121-3
100 _aSparks,Kerrelyn.
245 _aVamps and the city.
260 _aNew York.
260 _bAvon books.
260 _c2006
300 _a387p;17cm.
653 _aVamps and the city.
942 _cBK
999 _c46205
_d46205